[Event "St Veit op 42nd"]
[Site "St Veit"]
[Date "2023.07.15"]
[Round "9"]
[White "Schernthaner, David"]
[Black "Leitner, Gerald"]
[Result "1/2-1/2"]
[WhiteElo "2296"]
[BlackElo "2117"]
[PlyCount "121"]
[EventDate "2023.07.08"]
[EventType "swiss"]
[EventRounds "9"]
[EventCountry "AUT"]
[SourceTitle "CBM 215 Extra"]
[Source "ChessBase"]
[SourceDate "2023.09.30"]
[SourceVersion "1"]
[SourceVersionDate "2023.09.30"]
[SourceQuality "1"]

1. e4 c5 2. Nf3 e6 3. c3 d5 4. exd5 Qxd5 5. d4 Nf6 6. Be2 Be7 7. 0-0 0-0 8. c4 Qd8 9. Nc3 Nc6 10. Be3 cxd4 11. Nxd4 Nxd4 12. Bxd4 Bd7 13. Bf3 Qc8 14. Rc1 Bc6 15. Nd5 exd5 16. cxd5 Nxd5 17. Bxd5 Rd8 18. Bxc6 bxc6 19. Qa4 c5 20. Be3 Qb7 21. b3 Rac8 22. Rfd1 h6 23. h3 Qb6 24. Rd7 Rxd7 25. Qxd7 Qc7 26. Qg4 Kf8 27. Qc4 a5 28. g3 Qb6 29. Qe4 Qg6 30. Qa4 Qb6 31. h4 h5 32. Qe4 Qg6 33. Qxg6 fxg6 34. Kg2 Kf7 35. Kf3 Ke6 36. Ke4 Kd6 37. Rd1+ Kc6 38. Rd5 Bd6 39. Rg5 Re8+ 40. Kd3 Re6 41. Bf4 Bxf4 42. gxf4 Kb5 43. a3 Kc6 44. a4 Kd6 45. f3 Rf6 46. f5 Rxf5 47. Rxg6+ Kd5 48. Ke3 Rf7 49. Rg5+ Kd6 50. Rg6+ Kd5 51. Rb6 Re7+ 52. Kf4 Kd4 53. Rb5 Rf7+ 54. Kg3 Ke3 55. Rxc5 Rxf3+ 56. Kg2 Rf2+ 57. Kg1 Rb2 58. Rxh5 Rxb3 59. Rxa5 Kf3 60. Rb5 Ra3 61. Rg5 1/2-1/2

[Event "St Veit op 42nd"]
[Site "St Veit"]
[Date "2023.07.14"]
[Round "8"]
[White "Leitner, Gerald"]
[Black "Hechl, Fabian"]
[Result "1/2-1/2"]
[WhiteElo "2117"]
[BlackElo "2032"]
[PlyCount "122"]
[EventDate "2023.07.08"]
[EventType "swiss"]
[EventRounds "9"]
[EventCountry "AUT"]
[SourceTitle "CBM 215 Extra"]
[Source "ChessBase"]
[SourceDate "2023.09.30"]
[SourceVersion "1"]
[SourceVersionDate "2023.09.30"]
[SourceQuality "1"]

1. e4 e6 2. d4 d5 3. e5 c5 4. dxc5 Nc6 5. Nf3 Bxc5 6. Bd3 f6 7. exf6 Nxf6 8. 0-0 0-0 9. Bf4 Ne4 10. Be3 Bxe3 11. fxe3 Ng5 12. Nbd2 e5 13. e4 Be6 14. Qe2 Nxf3+ 15. Nxf3 Nd4 16. Nxd4 Qb6 17. Kh1 Qxd4 18. c3 Qc5 19. exd5 Bxd5 20. Rae1 Qc6 21. c4 Bf7 22. b3 Rae8 23. Be4 Qc7 24. Qd3 g6 25. Rf3 Be6 26. Ref1 Rf7 27. Rxf7 Bxf7 28. Qf3 b6 29. h3 Qe7 30. Rd1 Rd8 31. Rxd8+ Qxd8 32. Qd3 Qe7 33. Kg1 Be6 34. Kf1 Kf7 35. Qf3+ Kg7 36. Ke2 Qa3 37. Qc3 Qxa2+ 38. Kf1 Kf6 39. g4 Qh2 40. Ke1 Qg1+ 41. Kd2 Qd4+ 42. Qxd4 exd4 43. Kd3 Ke5 44. Bg2 h5 45. gxh5 gxh5 46. b4 Bf5+ 47. Kd2 a5 48. c5 bxc5 49. bxa5 Bc8 50. Bf1 Kd6 51. h4 Kc7 52. Be2 Bg4 53. Bb5 Bd7 54. Be2 Bg4 55. Bb5 Bd7 56. Be2 Be8 57. Bc4 Kb7 58. Kc1 Bc6 59. Kd2 Kc7 60. Kc1 Kd6 61. Be2 Bd7 1/2-1/2

[Event "St Veit op 42nd"]
[Site "St Veit"]
[Date "2023.07.08"]
[Round "1"]
[White "Wais, Michael"]
[Black "Leitner, Gerald"]
[Result "1/2-1/2"]
[WhiteElo "1849"]
[BlackElo "2117"]
[PlyCount "61"]
[EventDate "2023.07.08"]
[EventType "swiss"]
[EventRounds "9"]
[EventCountry "AUT"]
[SourceTitle "CBM 215 Extra"]
[Source "ChessBase"]
[SourceDate "2023.09.30"]
[SourceVersion "1"]
[SourceVersionDate "2023.09.30"]
[SourceQuality "1"]

1. c4 e5 2. e4 Nc6 3. Nc3 Bc5 4. g3 d6 5. Bg2 Nge7 6. Nge2 0-0 7. 0-0 Be6 8. Nd5 Nd4 9. Nxd4 Bxd4 10. d3 c6 11. Ne3 a5 12. Nc2 Bc5 13. b3 Qd7 14. d4 exd4 15. Nxd4 Bg4 16. Qd3 a4 17. Bb2 f5 18. h3 fxe4 19. Qxe4 Bf5 20. Nxf5 Nxf5 21. Qg4 Rae8 22. Kh2 Qf7 23. Bc3 axb3 24. axb3 Re6 25. b4 Rg6 26. Qe2 Bb6 27. b5 Ne7 28. bxc6 bxc6 29. Rae1 Nf5 30. Bxc6 Kh8 31. Bd5 1/2-1/2

[Event "AUT-ch Seniors 50"]
[Site "Vienna"]
[Date "2023.05.20"]
[Round "6"]
[White "Mueller, Max"]
[Black "Leitner, Gerald"]
[Result "0-1"]
[WhiteElo "2061"]
[BlackElo "2114"]
[PlyCount "98"]
[EventDate "2023.05.15"]
[EventType "swiss"]
[EventRounds "7"]
[EventCountry "AUT"]
[SourceTitle "CBM 214 Extra"]
[Source "ChessBase"]
[SourceDate "2023.07.31"]
[SourceVersion "1"]
[SourceVersionDate "2023.07.31"]
[SourceQuality "1"]

1. e4 c5 2. Nf3 e6 3. d4 cxd4 4. Nxd4 a6 5. Nc3 Qc7 6. a3 Nf6 7. f4 d6 8. Bd3 Be7 9. 0-0 Nbd7 10. Kh1 b5 11. Qf3 Bb7 12. Bd2 Nc5 13. Rae1 0-0 14. Qh3 Rfe8 15. e5 Nxd3 16. cxd3 Nd7 17. f5 exf5 18. e6 fxe6 19. Nxe6 Qc8 20. Qxf5 Bf6 21. Nd5 Bxd5 22. Qxd5 Kh8 23. Rc1 Nb6 24. Rxc8 Nxd5 25. Rxa8 Rxa8 26. Nf4 Nxf4 27. Bxf4 d5 28. b3 Kg8 29. h3 Re8 30. Bd6 Re3 31. Rf3 Re1+ 32. Kh2 Rb1 33. d4 Rd1 34. Bc5 Kf7 35. a4 bxa4 36. bxa4 Ra1 37. Rb3 Rxa4 38. Rb7+ Kg6 39. Rb6 Kf5 40. Rd6 Ke4 41. Rd7 h5 42. Ra7 h4 43. Rf7 Ra1 44. Be7 a5 45. Bxf6 gxf6 46. Rxf6 a4 47. Rg6 a3 48. Rg4+ Ke3 49. Rxh4 a2 0-1

[Event "AUT-ch Seniors 50"]
[Site "Vienna"]
[Date "2023.05.19"]
[Round "5"]
[White "Leitner, Gerald"]
[Black "Belke, Frank"]
[Result "1/2-1/2"]
[WhiteElo "2114"]
[BlackElo "2216"]
[PlyCount "81"]
[EventDate "2023.05.15"]
[EventType "swiss"]
[EventRounds "7"]
[EventCountry "AUT"]
[SourceTitle "CBM 214 Extra"]
[Source "ChessBase"]
[SourceDate "2023.07.31"]
[SourceVersion "1"]
[SourceVersionDate "2023.07.31"]
[SourceQuality "1"]

1. d4 Nf6 2. c4 g6 3. Nc3 d5 4. cxd5 Nxd5 5. e4 Nxc3 6. bxc3 Bg7 7. Bc4 c5 8. Ne2 0-0 9. Be3 cxd4 10. cxd4 Nc6 11. Rc1 Qa5+ 12. Kf1 Bd7 13. h4 Rfc8 14. h5 Nd8 15. hxg6 hxg6 16. Qd3 b5 17. Bb3 b4 18. Rxc8 Rxc8 19. Bh6 Bxh6 20. Rxh6 Qg5 21. Qe3 Qxe3 22. fxe3 Kg7 23. Rh1 a5 24. Ke1 a4 25. Bd1 Nb7 26. Nf4 b3 27. axb3 a3 28. Kd2 Na5 29. Nd3 f5 30. Nc5 Bc6 31. Bc2 fxe4 32. Ra1 Ra8 33. Kc3 Nb7 34. Nxe4 Bd5 35. g3 Rc8+ 36. Nc5 Nxc5 37. dxc5 Rxc5+ 38. Kd2 Ra5 39. Kc3 Rc5+ 40. Kd2 Ra5 41. Kc3 1/2-1/2

[Event "AUT-ch Seniors 50"]
[Site "Vienna"]
[Date "2023.05.17"]
[Round "3"]
[White "Rusek, Walter"]
[Black "Leitner, Gerald"]
[Result "0-1"]
[WhiteElo "1851"]
[BlackElo "2114"]
[PlyCount "120"]
[EventDate "2023.05.15"]
[EventType "swiss"]
[EventRounds "7"]
[EventCountry "AUT"]
[SourceTitle "CBM 214 Extra"]
[Source "ChessBase"]
[SourceDate "2023.07.31"]
[SourceVersion "1"]
[SourceVersionDate "2023.07.31"]
[SourceQuality "1"]

1. d4 Nf6 2. c4 g6 3. Nc3 d5 4. cxd5 Nxd5 5. Bd2 Nb6 6. Bf4 Bg7 7. e3 0-0 8. Nf3 Be6 9. Be2 Bc4 10. Rc1 c6 11. 0-0 N8d7 12. b3 Bxe2 13. Qxe2 a5 14. Rfd1 e6 15. Ne4 Nd5 16. Bd6 Re8 17. Bg3 N7f6 18. Nxf6+ Nxf6 19. h3 Qb6 20. Ne5 Ne4 21. Bh2 Red8 22. Qc2 Nf6 23. Nc4 Qa6 24. a4 Nd5 25. Nd6 Bf8 26. Ne4 Rac8 27. Be5 Be7 28. Qc4 Qa7 29. Qe2 f6 30. Bg3 b6 31. Rc4 Kg7 32. Rcc1 Qd7 33. Nd2 Ba3 34. Rc4 b5 35. axb5 cxb5 36. Rxc8 Rxc8 37. Nb1 Bb4 38. e4 Ne7 39. Bf4 Qc6 40. e5 f5 41. Qe3 Nd5 42. Bh6+ Kg8 43. Qg3 Qc2 44. Rf1 Qe4 45. h4 Qxd4 46. h5 Qg4 47. Qxg4 fxg4 48. hxg6 hxg6 49. Kh2 Rc2 50. Rc1 Rxc1 51. Bxc1 Nc3 52. Nxc3 Bxc3 53. Kg3 Bxe5+ 54. Kxg4 Kf7 55. Kf3 Bd4 56. Ke2 Bc5 57. f3 a4 58. Kd3 a3 59. Kc2 b4 60. Bd2 Kf6 0-1

[Event "AUT-ch Seniors 50"]
[Site "Vienna"]
[Date "2023.05.16"]
[Round "2"]
[White "Leitner, Gerald"]
[Black "Stanec, Nikolaus"]
[Result "0-1"]
[WhiteElo "2114"]
[BlackElo "2453"]
[PlyCount "102"]
[EventDate "2023.05.15"]
[EventType "swiss"]
[EventRounds "7"]
[EventCountry "AUT"]
[SourceTitle "CBM 214 Extra"]
[Source "ChessBase"]
[SourceDate "2023.07.31"]
[SourceVersion "1"]
[SourceVersionDate "2023.07.31"]
[SourceQuality "1"]

1. d4 Nf6 2. Nf3 d6 3. Nc3 Bg4 4. e4 e6 5. h3 Bh5 6. Bd3 Be7 7. Be3 d5 8. exd5 exd5 9. g4 Bg6 10. Ne5 c6 11. Bxg6 hxg6 12. Qd3 Nbd7 13. Nxg6 fxg6 14. Qxg6+ Kf8 15. g5 Qe8 16. Qf5 Qh5 17. Qf4 Bb4 18. f3 Kg8 19. gxf6 Nxf6 20. 0-0-0 Rf8 21. Qg3 Qf5 22. Rdf1 Nh5 23. Qg4 Nf4 24. Bxf4 Qxf4+ 25. Qxf4 Rxf4 26. Ne2 Rfh4 27. c3 Bd6 28. Ng1 Kf7 29. Rf2 Kf6 30. Kd1 g5 31. Rg2 R4h7 32. Ke1 Kf5 33. Kf1 b6 34. Rd2 Bf4 35. Rd1 a5 36. Kg2 Re8 37. Kf1 Rhe7 38. a4 Bg3 39. Kg2 Bh4 40. Rh2 Re1 41. Rd2 Ra1 42. Ne2 Rxa4 43. Nc1 Ra1 44. Rh1 Re3 45. Rf1 a4 46. Rfd1 a3 47. bxa3 Be1 48. Rc2 Rxc3 49. Rxc3 Bxc3 50. Rf1 Bxd4 51. f4 gxf4 0-1

[Event "AUT-chT 2223"]
[Site "Austria"]
[Date "2023.04.13"]
[Round "9.4"]
[White "Leitner, Gerald"]
[Black "Korpa, Bence"]
[Result "0-1"]
[WhiteElo "2161"]
[BlackElo "2500"]
[PlyCount "80"]
[EventDate "2022.11.03"]
[EventType "team-tourn"]
[EventRounds "11"]
[EventCountry "AUT"]
[SourceTitle "EXT 2024"]
[Source "ChessBase"]
[SourceDate "2023.10.10"]
[SourceVersion "1"]
[SourceVersionDate "2023.10.10"]
[SourceQuality "1"]
[WhiteTeam "Tschaturanga"]
[BlackTeam "Fuerstenfeld/Hartberg"]
[WhiteTeamCountry "AUT"]
[BlackTeamCountry "AUT"]

1. d4 Nf6 2. c4 g6 3. Nc3 Bg7 4. e4 d6 5. f3 a6 6. Be3 c6 7. Qd2 h5 8. Bd3 b5 9. Nge2 Nbd7 10. cxb5 axb5 11. b4 0-0 12. 0-0 Bb7 13. Rfd1 e5 14. d5 cxd5 15. exd5 Nb6 16. Bxb5 Nbxd5 17. Nxd5 Nxd5 18. Bf2 Nc7 19. Bd3 d5 20. Rac1 d4 21. a4 Nd5 22. a5 Kh7 23. Rc5 f5 24. Bc4 Bh6 25. Qb2 Ne3 26. Bxe3 Bxe3+ 27. Kh1 Qe7 28. Ra1 Rac8 29. a6 Rxc5 30. bxc5 Ba8 31. Ra5 e4 32. Ng1 d3 33. a7 Bxc5 34. Qb8 exf3 35. gxf3 Bxg1 36. Re5 Qxa7 37. Qxa7+ Bxa7 38. Re7+ Kh6 39. Rxa7 Bxf3+ 40. Kg1 d2 0-1

[Event "AUT-chT2O 2223"]
[Site "Austria"]
[Date "2022.11.19"]
[Round "3.4"]
[White "Leitner, Gerald"]
[Black "Ganaus, Hannes"]
[Result "1-0"]
[WhiteElo "2167"]
[BlackElo "2280"]
[PlyCount "45"]
[EventDate "2022.10.15"]
[EventType "team-tourn"]
[EventRounds "11"]
[EventCountry "AUT"]
[SourceTitle "CBM 213 Extra"]
[Source "ChessBase"]
[SourceDate "2023.05.31"]
[SourceVersion "1"]
[SourceVersionDate "2023.05.31"]
[SourceQuality "1"]
[WhiteTeam "Tschaturanga"]
[BlackTeam "Pressbaum"]
[WhiteTeamCountry "AUT"]
[BlackTeamCountry "AUT"]

1. d4 d5 2. c4 e6 3. Nc3 Nf6 4. Bg5 c6 5. e3 Nbd7 6. cxd5 exd5 7. Bd3 Be7 8. Qc2 h6 9. Bf4 0-0 10. Nge2 a5 11. g4 b5 12. g5 hxg5 13. Bxg5 b4 14. Na4 Bb7 15. Rg1 c5 16. Bh6 Ne8 17. Nxc5 Nxc5 18. dxc5 Rc8 19. Nd4 Kh8 20. Bf4 Bxc5 21. Qe2 g6 22. Be5+ Nf6 23. Bxf6+ 1-0